LIBRARY & INFORMATION CENTRE, KCAET, TAVANUR

ONLINE PUBLIC ACCESS CATALOGUE (OPAC)

Normal view MARC view
  • Malayalam Fiction

Entry Topical Term

Number of records used in: 15

001 - CONTROL NUMBER

  • control field: 3040

003 - CONTROL NUMBER IDENTIFIER

  • control field: OSt

005 - DATE AND TIME OF LATEST TRANSACTION

  • control field: 20180412161204.0

008 - FIXED-LENGTH DATA ELEMENTS

  • fixed length control field: 180412|| aca||aabn | a|a d

040 ## - CATALOGING SOURCE

  • Original cataloging agency: OSt
  • Transcribing agency: OSt

150 ## - HEADING--TOPICAL TERM

  • Topical term or geographic name as entry element: Malayalam Fiction

670 ## - SOURCE DATA FOUND

  • Source citation: Work cat.: (OSt): Vijayan, O. V 3039, Khasakkinte Ithihasam, 2017
free website counter